| 000 | 00534nam a2200193Ia 4500 | ||
|---|---|---|---|
| 008 | 180921t1981 xxu||||| |||| 00| 0 sin d | ||
| 041 | _asin | ||
| 080 |
_a662.917 _bJAG |
||
| 100 | _aJagodaarachchi, Karunadasa | ||
| 245 | _aශරීර විඥානය | ||
| 246 | _aShareera vignanaya | ||
| 260 |
_bDepartment of Ayurveda _c1981 |
||
| 300 | _a135p., ill., 22 cm | ||
| 440 | _aAyurveda sarala basin 4 | ||
| 650 |
_aBody _aPhysiology _aAyurveda |
||
| 942 | _cBK | ||
| 999 |
_c16712 _d16712 |
||
| 003 | LK-CoDNM | ||
| 040 |
_aLK-CoDNM _dLK-CoDNM _eLK-CoDNM |
||